Statistieken voor Demoniem - Zuid-Amerika editie

Klik hier om de quiz te nemen!

Algemene statistieken

  • Deze quiz is 9 keer genomen
  • De gemiddelde score is 8 van 12

Antwoordstatistieken

HintAntwoord% Correct
PeruPeruaan/Peruviaan
100%
BoliviaBoliviaan
88%
BraziliëBraziliaan
88%
ColombiaColombiaan
88%
SurinameSurinamer
88%
ArgentiniëArgentijn
75%
ChiliChileen
63%
GuyanaGuyaan/Guyanees
50%
ParaguayParaguayaan/Paraguees
50%
UruguayUruguayaan/Uruguees
50%
EcuadorEcuadoraan
38%
VenezuelaVenezolaan
38%

Scoreverdeling

Percentiel versus Aantal Correcte Antwoorden

Procent van Mensen met Elke Score

Uw Scoregeschiedenis

U heeft deze quiz nog niet genomen